| 000 | 00584nam a2200217 4500 | ||
|---|---|---|---|
| 003 | OSt | ||
| 005 | 20160921141616.0 | ||
| 008 | 140730b xxu||||| |||| 00| 0 eng d | ||
| 020 | _a0071440402 | ||
| 040 | _cDDC | ||
| 082 | _aQT 4 G157r 2005 | ||
| 100 |
_aGanong, William F. _9795 |
||
| 245 | _aReview of Medical Physiology | ||
| 250 | _a22nd. ed. | ||
| 260 |
_aBoston: _bMcGraw Hill; _c2005. |
||
| 300 |
_axii, 912 p ; _bcol.ill : _c25 cm. |
||
| 504 | _aincludes index and appendix | ||
| 650 |
_aMedical Physiology _9215 |
||
| 650 |
_aPhysiology Review _911082 |
||
| 942 |
_2z _cSLOAN |
||
| 999 |
_c446 _d446 |
||